000 00858nam a2200325Ia 4500
001 10067
005 20240113235203.0
007 ta
008 050730s1962 a g b000 u eng u
020 _cHB
040 _aCotton College Assam
041 _aeng
082 _a370.9
_bR 141 Ed
100 _aRamanathan, G. .
245 0 _aEducation from Dewey to Gandhi: The Theory of Basic Education /
_cG. Ramanathan.
_hTextual Documents
250 _a1st ed. /
260 _aGuwahati :
_bAsia Books Private Limited ,
_c1962.
300 _aviii, 308p. :
_bill. ;
_c22cm .
504 _aIndex
653 _aEducation-Dewey to Gandhi
653 _aBasic Education
653 _aMS-Education
942 _2ddc
_cBK
999 _c10054
_d10054